Handbook of special education : research and practive

Bibliographic Details
Main Authors: Reynolds, Maynard Clinton (Author), Walberg, Herbert J. , 1937- (Author), Wang, Margaret C. (Author)
Format: Book
Published: Oxford : Pergamon , c1987
Subjects:

MARC

LEADER 00000cam a2200000 7i4500
001 0000007352
005 20070307093000.0
008 021119s1987
020 |a 0080333834 
090 0 0 |a LC3965   |b .H263 1987 
245 0 0 |a Handbook of special education :   |b research and practive   |c edited by Margaret C. Wang, Maynard C. Reynolds, Herbert J. Walberg 
260 2 |a Oxford :   |b Pergamon ,   |c c1987 
300 |a v. ;   |c 25 cm. 
504 |a Includes bibliographies and index 
505 |a v. 1. Learner characteristics and adaptive behavior 
650 0 |a Special education literature   |z United States 
700 0 |a Reynolds, Maynard Clinton ,   |e author 
700 0 |a Walberg, Herbert J. ,   |d 1937- ,   |e author 
700 0 |a Wang, Margaret C. ,   |e author 
999 |a 1000042148   |b Book   |c Reference   |e Gong Badak Campus